000 00267nmm a2200085Ia 4500
008 220120s9999||||xx |||||||||||||||||und||
100 _aPCQ Feburary 2010
_911203
245 0 _a9 developer tools,10 phography tools, 12 oppice tools, 10 re
260 _aCyber tach publication
999 _c139471
_d139471